[Event "BL 1516 Schwäbisch Hall - SG Solingen"]
[Site "?"]
[Date "2015.09.19"]
[Round "1.5"]
[White "Smeets, Jan"]
[Black "Michalik, Peter"]
[Result "1/2-1/2"]
[WhiteElo "2617"]
[BlackElo "2570"]
[PlyCount "150"]
[EventDate "2015.??.??"]

1. e4 c6 2. d4 d5 3. e5 Bf5 4. Nf3 e6 5. Be2 Nd7 6. O-O h6 7. Nbd2 Ne7 8. Nb3
Qc7 9. Bd2 g5 10. Rc1 Bg7 11. Bb4 Nc8 12. Qd2 Bf8 13. a3 Ncb6 14. Na5 O-O-O 15.
Bd3 Be4 16. Qe2 Bxf3 17. Qxf3 Bxb4 18. axb4 Rdf8 19. b5 cxb5 20. Bxb5 a6 21.
Bxd7+ Qxd7 22. b3 Kb8 23. c4 Nc8 24. cxd5 Qxd5 25. Qxd5 exd5 26. f4 f6 27. exf6
g4 28. Rc5 Nb6 29. Re1 Rh7 30. Re6 Nd7 31. Rxd5 Nxf6 32. Rdd6 Nd7 33. g3 Rf5
34. Nc4 Rb5 35. Re3 h5 36. Ne5 Nb6 37. f5 Nd5 38. Rd3 Kc7 39. Re6 Rb6 40. Rxb6
Kxb6 41. h3 Nf6 42. hxg4 hxg4 43. d5 Rh5 44. Nc4+ Kc5 45. d6 Rxf5 46. d7 Nxd7
47. Rxd7 b5 48. Nd2 a5 49. Rd3 Kb4 50. Nb1 Rf8 51. Kg2 Rf5 52. Nd2 Ka3 53. Rd4
Kb2 54. Rxg4 Rd5 55. Nf3 Kxb3 56. Nd4+ Kc3 57. Ne2+ Kb3 58. Nd4+ Kc3 59. Ne2+
Kb3 60. Kf3 b4 61. Ke4 Rd7 62. Rf4 a4 63. Nd4+ Kc3 64. Ne2+ Kd2 65. Nd4 Kc3 66.
Ne2+ Kd2 67. Nd4 b3 68. Nb5 b2 69. Rf2+ Kc1 70. Na3 b1=Q+ 71. Nxb1 Kxb1 72. Rf8
Ra7 73. g4 a3 74. g5 Rg7 75. Rb8+ Kc2 1/2-1/2

[Event "BL 1516 Schwäbisch Hall - SG Solingen"]
[Site "?"]
[Date "2015.09.19"]
[Round "1.6"]
[White "Bai, Jinshi"]
[Black "Nikolic, Predrag"]
[Result "1/2-1/2"]
[WhiteElo "2519"]
[BlackElo "2606"]
[PlyCount "71"]
[EventDate "2015.??.??"]

1. d4 Nf6 2. c4 e6 3. g3 Bb4+ 4. Bd2 a5 5. Bg2 O-O 6. Nf3 b6 7. O-O Ba6 8. a3
Bxd2 9. Nbxd2 d5 10. Rc1 c6 11. Ne5 Nfd7 12. Nd3 Nf6 13. Ne5 Nfd7 14. Nd3 Nf6
15. Re1 dxc4 16. Nxc4 Bxc4 17. Rxc4 b5 18. Rc1 Qxd4 19. Qc2 Ra7 20. Red1 Qb6
21. Ne5 Rc7 22. Qc5 Qxc5 23. Rxc5 Nd5 24. a4 bxa4 25. Rxa5 Nb6 26. Rc1 Rfc8 27.
Nc4 Nxc4 28. Rxc4 Rb7 29. Rc2 Rb4 30. Rac5 Nd7 31. R5c4 Rxc4 32. Rxc4 Rb8 33.
Bxc6 Ne5 34. Rc2 Nxc6 35. Rxc6 h5 36. Rc2 1/2-1/2

[Event "BL 1516 Schwäbisch Hall - SG Solingen"]
[Site "?"]
[Date "2015.09.19"]
[Round "1.7"]
[White "Jussupow, Artur"]
[Black "Wirig, Anthony"]
[Result "0-1"]
[WhiteElo "2576"]
[BlackElo "2500"]
[PlyCount "176"]
[EventDate "2015.??.??"]

1. d4 Nf6 2. c4 e6 3. Nc3 Bb4 4. e3 d5 5. Nge2 dxc4 6. a3 Ba5 7. Ng3 c5 8. Bxc4
Nc6 9. O-O cxd4 10. exd4 Qxd4 11. Nb5 Qxd1 12. Rxd1 O-O 13. Be3 a6 14. Nd6 Bc7
15. Nge4 Nxe4 16. Nxe4 Rd8 17. Rxd8+ Bxd8 18. Rd1 Be7 19. f4 Kf8 20. Bb6 Ke8
21. g4 Bd7 22. g5 Rc8 23. Bb3 Nb8 24. Kf2 Bc6 25. Rc1 Nd7 26. Be3 Kd8 27. Ng3
g6 28. Ne2 Be4 29. Nc3 Bc5 30. Rd1 Bxe3+ 31. Kxe3 Bc6 32. Ne2 Ke7 33. Rc1 Nb6
34. a4 Rd8 35. a5 Nd5+ 36. Bxd5 Rxd5 37. Nd4 Kd6 38. Nf3 Rxa5 39. Ne5 Rb5 40.
Nxf7+ Kc7 41. Rc2 Rb4 42. Rf2 a5 43. Ne5 a4 44. Ng4 Rb3+ 45. Kd4 Kd6 46. Nf6
Rh3 47. Ng4 Bd5 48. Ne5 Rb3 49. Nd3 b5 50. Rc2 b4 51. Ne5 a3 52. Nf7+ Kd7 53.
Ne5+ Kd8 54. Nd3 Ke7 55. Rc1 axb2 56. Rb1 Rc3 57. Rxb2 Rc4+ 58. Ke3 b3 59. Kd2
Re4 60. Rb1 Ra4 61. Kc3 Rc4+ 62. Kxb3 Rxf4+ 63. Kc3 Rc4+ 64. Kd2 Rh4 65. Ra1
Rxh2+ 66. Kc3 Rh4 67. Ne5 Kd6 68. Nf7+ Kc5 69. Ra5+ Kb6 70. Ra1 Rf4 71. Ne5 Rf5
72. Kd4 Rf4+ 73. Kc3 Rf5 74. Kd4 Rxg5 75. Rb1+ Kc7 76. Rc1+ Kb8 77. Rb1+ Ka7
78. Ra1+ Kb7 79. Rb1+ Ka6 80. Nf7 Rg4+ 81. Ke5 h5 82. Kd6 h4 83. Ne5 Rg3 84.
Ra1+ Kb5 85. Rb1+ Ka4 86. Kc5 g5 87. Kd4 h3 88. Nd3 Rxd3+ 0-1

[Event "BL 1516 Schwäbisch Hall - SG Solingen"]
[Site "?"]
[Date "2015.09.19"]
[Round "1.8"]
[White "Womacka, Mathias"]
[Black "Naumann, Alexander"]
[Result "1/2-1/2"]
[WhiteElo "2440"]
[BlackElo "2543"]
[PlyCount "83"]
[EventDate "2015.??.??"]

1. e4 e6 2. d4 d5 3. Nd2 Nf6 4. e5 Nfd7 5. Bd3 c5 6. c3 Nc6 7. Ne2 cxd4 8. cxd4
f6 9. exf6 Nxf6 10. Nf3 Bd6 11. O-O Qc7 12. Nc3 a6 13. Bd2 O-O 14. Rc1 Bd7 15.
Re1 Rae8 16. Ne5 Qb6 17. Be3 Qxb2 18. Na4 Qa3 19. Nb6 Bc8 20. Nxc6 bxc6 21.
Rxc6 Bb7 22. Rc1 e5 23. dxe5 Rxe5 24. Qb3 Qxb3 25. axb3 Ng4 26. Nd7 Rxe3 27.
fxe3 Bxh2+ 28. Kh1 Rf7 29. Be2 Nxe3 30. Kxh2 Rxd7 31. Bxa6 d4 32. Bxb7 Rxb7 33.
Rb1 Kf7 34. b4 Ke6 35. b5 Rb6 36. Kg3 Kd5 37. Kf3 Nc4 38. Ke2 Rg6 39. Kf2 Rf6+
40. Ke2 Rg6 41. Kf2 Rf6+ 42. Ke2 1/2-1/2

[Event "BL 1516 Erfurter SK - SG Turm Trier"]
[Site "?"]
[Date "2015.09.19"]
[Round "1.1"]
[White "Erdos, Viktor"]
[Black "Romanov, Evgeny"]
[Result "1/2-1/2"]
[WhiteElo "2616"]
[BlackElo "2573"]
[PlyCount "75"]
[EventDate "2015.??.??"]

1. c4 e5 2. Nc3 Nf6 3. Nf3 Nc6 4. g3 Nd4 5. Bg2 Nxf3+ 6. Bxf3 Bb4 7. O-O Bxc3
8. bxc3 O-O 9. d3 d6 10. Bg2 Rb8 11. Rb1 b6 12. e4 Nd7 13. f4 exf4 14. Bxf4 Ne5
15. h3 Bd7 16. Kh2 Qe7 17. Qc2 c5 18. Rf2 b5 19. cxb5 Bxb5 20. Bf1 Ba4 21. Qc1
Rxb1 22. Qxb1 Bc6 23. Bg2 h5 24. Qd1 h4 25. gxh4 Qxh4 26. Bg3 Qe7 27. d4 cxd4
28. cxd4 Ng6 29. e5 Bxg2 30. exd6 Qe4 31. Rxg2 Nh4 32. Rf2 Nf5 33. Be5 f6 34.
Rf4 Qd5 35. Rxf5 fxe5 36. Rxf8+ Kxf8 37. Qf1+ Ke8 38. dxe5 1/2-1/2

[Event "BL 1516 Erfurter SK - SG Turm Trier"]
[Site "?"]
[Date "2015.09.19"]
[Round "1.2"]
[White "Vovk, Andrey"]
[Black "Parligras, Mircea-Emilian"]
[Result "1/2-1/2"]
[WhiteElo "2611"]
[BlackElo "2584"]
[PlyCount "44"]
[EventDate "2015.??.??"]

1. e4 e5 2. Nf3 Nc6 3. Bb5 Nf6 4. d3 Bc5 5. c3 O-O 6. O-O d6 7. Bg5 h6 8. Bh4
g5 9. Bg3 Bb6 10. Nbd2 Nh5 11. Nc4 Qf6 12. a4 a6 13. Bxc6 bxc6 14. d4 Nxg3 15.
fxg3 Qe6 16. Nxb6 cxb6 17. a5 b5 18. b4 Qe7 19. Rf2 f6 20. Raa2 Be6 21. Rad2
Rad8 22. h3 Kg7 1/2-1/2

[Event "BL 1516 Erfurter SK - SG Turm Trier"]
[Site "?"]
[Date "2015.09.19"]
[Round "1.3"]
[White "Graf, Felix"]
[Black "Mihok, Oliver"]
[Result "0-1"]
[WhiteElo "2479"]
[BlackElo "2515"]
[PlyCount "82"]
[EventDate "2015.??.??"]

1. d4 d5 2. c4 c6 3. Nc3 Nf6 4. cxd5 cxd5 5. Bf4 Nc6 6. e3 Bf5 7. Qb3 Na5 8.
Qa4+ Bd7 9. Qc2 Rc8 10. Bd3 e6 11. Nf3 b5 12. a3 Be7 13. Ne5 Nc4 14. O-O Nh5
15. Nxd7 Qxd7 16. Be5 f6 17. Bf4 Nxf4 18. exf4 f5 19. Qe2 Rb8 20. Rfe1 Kf7 21.
a4 b4 22. Bxc4 dxc4 23. d5 Rb6 24. Qd1 Rd8 25. Nb5 exd5 26. Nd4 Bf6 27. a5 Ra6
28. Qd2 b3 29. h3 g6 30. Re2 Re8 31. Rae1 Re4 32. Nf3 Rae6 33. Rxe4 fxe4 34.
Nd4 Rd6 35. Rd1 a6 36. Kh2 Qa7 37. Qe3 Rd7 38. g3 Qc5 39. f5 gxf5 40. Qf4 Bxd4
41. Qxf5+ Ke7 0-1

[Event "BL 1516 Erfurter SK - SG Turm Trier"]
[Site "?"]
[Date "2015.09.19"]
[Round "1.4"]
[White "Kuczynski, Robert"]
[Black "Jaracz, Pawel"]
[Result "1/2-1/2"]
[WhiteElo "2487"]
[BlackElo "2503"]
[PlyCount "43"]
[EventDate "2015.??.??"]

1. e4 c6 2. d4 d5 3. Nd2 dxe4 4. Nxe4 Bf5 5. Ng3 Bg6 6. N1e2 Nf6 7. Nf4 Nbd7 8.
h4 e5 9. Nxg6 hxg6 10. dxe5 Nxe5 11. Qxd8+ Rxd8 12. Be2 Bb4+ 13. Kf1 Bd2 14. h5
gxh5 15. Nxh5 Ke7 16. Ng3 Ne4 17. Rh3 Nxg3+ 18. fxg3 Bxc1 19. Rxc1 Kf6 20. Kf2
g6 21. Rxh8 Rxh8 22. Rd1 1/2-1/2

[Event "BL 1516 Erfurter SK - SG Turm Trier"]
[Site "?"]
[Date "2015.09.19"]
[Round "1.5"]
[White "Cyborowski, Lukasz"]
[Black "Braeuer, Franz"]
[Result "1/2-1/2"]
[WhiteElo "2530"]
[BlackElo "2413"]
[PlyCount "42"]
[EventDate "2015.??.??"]

1. e4 c5 2. Nf3 d6 3. d4 Nf6 4. dxc5 Nxe4 5. cxd6 Nc6 6. Bd3 Nxd6 7. O-O g6 8.
Nc3 Bg7 9. Re1 O-O 10. Bf4 Qa5 11. Bxd6 exd6 12. Be4 Be6 13. Qxd6 Rad8 14. Qf4
Bxc3 15. bxc3 Qxc3 16. Bxc6 bxc6 17. Qe3 Qxc2 18. Qxa7 Ra8 19. Qe3 Rxa2 20. Nd4
Qd2 21. Rxa2 Qxe3 1/2-1/2

[Event "BL 1516 Erfurter SK - SG Turm Trier"]
[Site "?"]
[Date "2015.09.19"]
[Round "1.6"]
[White "Enders, Peter"]
[Black "Bobras, Piotr"]
[Result "1/2-1/2"]
[WhiteElo "2460"]
[BlackElo "2531"]
[PlyCount "94"]
[EventDate "2015.??.??"]

1. e4 c5 2. Nf3 Nc6 3. d4 cxd4 4. Nxd4 Nf6 5. Nc3 e5 6. Ndb5 d6 7. Bg5 a6 8.
Na3 b5 9. Nd5 Be7 10. Bxf6 Bxf6 11. c4 b4 12. Nc2 O-O 13. g3 a5 14. Bg2 Bg5 15.
O-O Ne7 16. Nce3 Bxe3 17. Nxe3 Be6 18. b3 Ra7 19. Qd3 Nc6 20. f4 f6 21. Kh1 Nd4
22. Nc2 Nxc2 23. Qxc2 Qb6 24. Rad1 Rc8 25. Qd2 Ra6 26. f5 Bf7 27. g4 h6 28. h4
Kf8 29. Bf3 Ke7 30. Kg2 a4 31. g5 hxg5 32. hxg5 axb3 33. axb3 Rca8 34. Rf2 Ra1
35. g6 Bg8 36. Rxa1 Rxa1 37. Rf1 Ra3 38. Rb1 Qa5 39. Rb2 Qc5 40. Qf2 Qxf2+ 41.
Kxf2 Kd7 42. Be2 Kc6 43. Bd3 Kc5 44. Ke3 Kb6 45. Rb1 Kc5 46. Rb2 Kb6 47. Rb1
Kc5 1/2-1/2

[Event "BL 1516 Erfurter SK - SG Turm Trier"]
[Site "?"]
[Date "2015.09.19"]
[Round "1.7"]
[White "Haslinger, Stewart G"]
[Black "Troyke, Christian"]
[Result "1/2-1/2"]
[WhiteElo "2515"]
[BlackElo "2344"]
[PlyCount "57"]
[EventDate "2015.??.??"]

1. e4 c5 2. Nf3 Nc6 3. d4 cxd4 4. Nxd4 g6 5. c4 Bg7 6. Be3 Nf6 7. Nc3 O-O 8.
Be2 d6 9. O-O Bd7 10. Qd2 Nxd4 11. Bxd4 Bc6 12. f3 a5 13. Rab1 Nd7 14. Be3 Nc5
15. Rfd1 Qb6 16. Nb5 Rfc8 17. b3 Qd8 18. Nd4 Bd7 19. Bf1 Qf8 20. a3 h5 21. b4
axb4 22. axb4 Ne6 23. Ra1 Nxd4 24. Bxd4 Be6 25. Qc3 Bxd4+ 26. Qxd4 Qg7 27. Rxa8
Qxd4+ 28. Rxd4 Rxa8 29. c5 1/2-1/2

[Event "BL 1516 Erfurter SK - SG Turm Trier"]
[Site "?"]
[Date "2015.09.19"]
[Round "1.8"]
[White "Mueller, Matthias"]
[Black "Gonda, Laszlo"]
[Result "0-1"]
[WhiteElo "2388"]
[BlackElo "2547"]
[PlyCount "68"]
[EventDate "2015.??.??"]

1. e4 e6 2. d4 d5 3. Nc3 Bb4 4. e5 Ne7 5. a3 Bxc3+ 6. bxc3 b6 7. Qg4 Ng6 8. h4
h5 9. Qg3 Ba6 10. Bxa6 Nxa6 11. Bg5 Qd7 12. Ne2 Nb8 13. O-O Nc6 14. Qf3 Nge7
15. Nf4 g6 16. Rfd1 Na5 17. Nh3 Nf5 18. Bf6 Rg8 19. Qf4 Qa4 20. Ra2 Qc4 21.
Raa1 Qxc3 22. Ng5 Rc8 23. Rac1 Qc4 24. Kh2 c5 25. Nf3 Rc7 26. c3 Nb3 27. Nd2
Nxd2 28. Qxd2 Kd7 29. a4 Rgc8 30. Ra1 cxd4 31. cxd4 Qc3 32. a5 Qxd2 33. Rxd2 b5
34. a6 Rc2 0-1

[Event "BL 1516 Hansa Dortmund - Hamburger SK"]
[Site "?"]
[Date "2015.09.19"]
[Round "1.1"]
[White "Bauer, Christian"]
[Black "Donchenko, Alexander"]
[Result "0-1"]
[WhiteElo "2625"]
[BlackElo "2568"]
[PlyCount "46"]
[EventDate "2015.??.??"]

1. e4 c5 2. Nf3 d6 3. d4 cxd4 4. Nxd4 Nf6 5. Nc3 a6 6. Bc4 e6 7. O-O Be7 8. Re1
O-O 9. a3 b5 10. Ba2 Bb7 11. f4 Qc7 12. g4 d5 13. exd5 Rd8 14. dxe6 Rxd4 15.
exf7+ Kf8 16. Qe2 Rd7 17. h3 Nc6 18. Be3 Nd4 19. Bxd4 Rxd4 20. Qe5 Bd6 21. Qf5
Rxf4 22. Re8+ Rxe8 23. fxe8=R+ Kxe8 0-1

[Event "BL 1516 Hansa Dortmund - Hamburger SK"]
[Site "?"]
[Date "2015.09.19"]
[Round "1.2"]
[White "Hera, Imre"]
[Black "Kempinski, Robert"]
[Result "1/2-1/2"]
[WhiteElo "2599"]
[BlackElo "2637"]
[PlyCount "44"]
[EventDate "2015.??.??"]

1. d4 d6 2. Nf3 g6 3. g3 Bg7 4. Bg2 Nd7 5. O-O e5 6. c4 Ngf6 7. Nc3 O-O 8. e4
exd4 9. Nxd4 Nc5 10. h3 Re8 11. Re1 h6 12. Rb1 Ne6 13. Nxe6 Bxe6 14. b3 Qc8 15.
Kh2 Ng4+ 16. hxg4 Bxc3 17. Bd2 Bxg4 18. f3 Bxd2 19. Qxd2 Bd7 20. Qxh6 Re5 21.
Kg1 Bc6 22. Kf2 Rh5 1/2-1/2

[Event "BL 1516 Hansa Dortmund - Hamburger SK"]
[Site "?"]
[Date "2015.09.19"]
[Round "1.3"]
[White "Svane, Rasmus"]
[Black "Tari, Aryan"]
[Result "1/2-1/2"]
[WhiteElo "2542"]
[BlackElo "2518"]
[PlyCount "67"]
[EventDate "2015.??.??"]

1. Nf3 d5 2. d4 Nf6 3. c4 e6 4. Nc3 Bb4 5. Qa4+ Nc6 6. e3 O-O 7. Bd2 dxc4 8.
Bxc4 Bd6 9. Rd1 e5 10. d5 Ne7 11. e4 a6 12. Be2 Bg4 13. O-O h6 14. Be3 b5 15.
Qc2 Qd7 16. a4 b4 17. Nb1 b3 18. Qc4 Rfb8 19. Nc3 Rb4 20. Qd3 Bh5 21. Nd2 Bxe2
22. Nxe2 Qxa4 23. Ra1 Qd7 24. Rfc1 a5 25. Bc5 Rb5 26. Bxd6 cxd6 27. Ra3 a4 28.
Rc4 Rba5 29. Nc3 Ng6 30. g3 h5 31. Rb4 R5a7 32. Nc4 Qd8 33. Nb5 Ra6 34. Nc3
1/2-1/2

[Event "BL 1516 Hansa Dortmund - Hamburger SK"]
[Site "?"]
[Date "2015.09.19"]
[Round "1.4"]
[White "Berg, Emanuel"]
[Black "Ernst, Sipke"]
[Result "1-0"]
[WhiteElo "2567"]
[BlackElo "2540"]
[PlyCount "137"]
[EventDate "2015.??.??"]

1. e4 e5 2. Nf3 Nc6 3. Bb5 a6 4. Ba4 Nf6 5. O-O Be7 6. d3 b5 7. Bb3 d6 8. a3
O-O 9. Nc3 Bg4 10. Be3 Qd7 11. h3 Be6 12. Nd5 Bd8 13. Qd2 Bxd5 14. exd5 Ne7 15.
c4 Rb8 16. Ba2 Nf5 17. b4 bxc4 18. dxc4 Re8 19. Rfe1 c6 20. dxc6 Qxc6 21. c5 d5
22. Bg5 Ne4 23. Bxd5 Nxd2 24. Bxc6 Nxf3+ 25. gxf3 Bxg5 26. Bxe8 Rxe8 27. Rad1
Kf8 28. Re4 Bf4 29. a4 Rc8 30. Rd5 g5 31. Rc4 Ke7 32. c6 Ke6 33. Ra5 Nd4 34.
Rxa6 Nxf3+ 35. Kg2 Nd4 36. c7+ Kd7 37. Rf6 Ne6 38. Rxf7+ Kd6 39. b5 Rxc7 40.
Rcxc7 Nxc7 41. a5 Nxb5 42. a6 Kc6 43. a7 Nxa7 44. Rxa7 e4 45. Rxh7 Kd5 46. Re7
Kd4 47. Kf1 Kd5 48. Ke2 Be5 49. Re8 Bf6 50. Rf8 Be7 51. Rf5+ Kd4 52. f3 Bd8 53.
Rb5 Be7 54. Ra5 e3 55. Ra4+ Ke5 56. Kxe3 Bc5+ 57. Ke2 Bb6 58. Kf1 Kf5 59. Rc4
Be3 60. Kg2 Bd2 61. Rd4 Bf4 62. Rd5+ Be5 63. Kf2 Kf4 64. Rd8 Kf5 65. Rf8+ Kg6
66. Ke3 Kh5 67. Ke4 Bg3 68. Kf5 Kh4 69. Rh8# 1-0

[Event "BL 1516 Hansa Dortmund - Hamburger SK"]
[Site "?"]
[Date "2015.09.19"]
[Round "1.5"]
[White "Hansen, Sune Berg"]
[Black "Mons, Léon"]
[Result "1/2-1/2"]
[WhiteElo "2568"]
[BlackElo "2464"]
[PlyCount "48"]
[EventDate "2015.??.??"]

1. Nf3 d5 2. c4 e6 3. g3 Nf6 4. Bg2 Be7 5. O-O O-O 6. b3 c5 7. e3 Nc6 8. Bb2 d4
9. exd4 cxd4 10. Re1 Re8 11. d3 Bf8 12. a3 a5 13. Ne5 Nxe5 14. Rxe5 Nd7 15. Rb5
Nc5 16. b4 axb4 17. axb4 Rxa1 18. Bxa1 Na6 19. c5 Nc7 20. Ra5 Nd5 21. Qb3 b6
22. Ra8 bxc5 23. bxc5 Bxc5 24. Nd2 Qb6 1/2-1/2

[Event "BL 1516 Hansa Dortmund - Hamburger SK"]
[Site "?"]
[Date "2015.09.19"]
[Round "1.6"]
[White "Zelbel, Patrick"]
[Black "Ftacnik, Lubomir"]
[Result "1/2-1/2"]
[WhiteElo "2432"]
[BlackElo "2556"]
[PlyCount "104"]
[EventDate "2015.??.??"]

1. e4 c5 2. c3 d5 3. exd5 Qxd5 4. Nf3 Nf6 5. Na3 e6 6. d4 cxd4 7. Nb5 Na6 8.
Nbxd4 Bd7 9. Bxa6 bxa6 10. Qe2 Bc5 11. O-O O-O 12. Rd1 Bb6 13. Ne5 Ba4 14. Rd3
Qe4 15. Qxe4 Nxe4 16. Be3 f6 17. Nc4 Rad8 18. Nxb6 axb6 19. b3 e5 20. bxa4 Nxc3
21. Rxc3 exd4 22. Bxd4 Rxd4 23. Rb1 Rfd8 24. g3 Rd1+ 25. Rxd1 Rxd1+ 26. Kg2 Rd4
27. Rc6 Rxa4 28. Rxb6 Rxa2 29. h4 h5 30. Rb8+ Kh7 31. Rb6 Ra5 32. f3 Ra2+ 33.
Kh3 Ra3 34. Kg2 Kg6 35. g4 a5 36. Rb5 hxg4 37. fxg4 a4 38. Ra5 Ra1 39. Kh2 a3
40. Kg2 Kh7 41. Ra7 Kh6 42. Ra6 a2 43. Kh2 g6 44. Kg2 Kg7 45. Ra7+ Kf8 46. Ra8+
Ke7 47. Ra7+ Ke6 48. Ra6+ Ke5 49. Ra5+ Kf4 50. Ra4+ Ke5 51. Ra5+ Kf4 52. Ra4+
Ke5 1/2-1/2

[Event "BL 1516 Hansa Dortmund - Hamburger SK"]
[Site "?"]
[Date "2015.09.19"]
[Round "1.7"]
[White "Lampert, Jonas"]
[Black "Pap, Misa"]
[Result "0-1"]
[WhiteElo "2469"]
[BlackElo "2488"]
[PlyCount "60"]
[EventDate "2015.??.??"]

1. d4 f5 2. c4 Nf6 3. Nc3 g6 4. h4 d6 5. h5 Nxh5 6. e4 Nf6 7. Bd3 c5 8. d5 e5
9. dxe6 Bxe6 10. exf5 gxf5 11. Nge2 Nc6 12. Bg5 Bg7 13. Nf4 Qd7 14. O-O O-O 15.
Ncd5 Ne4 16. Bxe4 fxe4 17. Nxe6 Qxe6 18. Nc7 Qg6 19. Qd5+ Kh8 20. Nxa8 Ne5 21.
Rfd1 Qxg5 22. Nc7 Qh4 23. Rd2 Rf6 24. Qxb7 Nf3+ 25. gxf3 Rg6+ 26. Kf1 Qh1+ 27.
Ke2 Qxf3+ 28. Kf1 Qh3+ 29. Ke2 Qf3+ 30. Kf1 Rh6 0-1

[Event "BL 1516 Hansa Dortmund - Hamburger SK"]
[Site "?"]
[Date "2015.09.19"]
[Round "1.8"]
[White "Korpa, Bence"]
[Black "Cuenca Jiménez, José Fernando"]
[Result "1/2-1/2"]
[WhiteElo "2434"]
[BlackElo "2521"]
[PlyCount "115"]
[EventDate "2015.??.??"]

1. Nf3 Nf6 2. g3 g6 3. Bg2 Bg7 4. d4 O-O 5. c4 d6 6. O-O Nc6 7. Nc3 a6 8. Bf4
Rb8 9. Rc1 h6 10. Qd3 Ng4 11. Bd2 e5 12. d5 Ne7 13. h3 Nf6 14. c5 Ne8 15. cxd6
cxd6 16. a4 f5 17. Qc4 b5 18. axb5 axb5 19. Qb4 Nc7 20. Be3 g5 21. Ra1 Kh8 22.
Ba7 Rb7 23. Rfd1 e4 24. Ne1 Ncxd5 25. Rxd5 Nc6 26. Qxd6 Qxd6 27. Rxd6 Nxa7 28.
Nc2 Bd7 29. Nb4 Nc8 30. Rda6 Nb6 31. Ra7 Rfb8 32. Rxb7 Rxb7 33. Ra6 Rb8 34. Ra7
Be8 35. g4 fxg4 36. hxg4 e3 37. fxe3 Nc4 38. Ncd5 Bxb2 39. Be4 Bg7 40. Re7 Nd6
41. Bd3 Rb7 42. Nc7 Bf7 43. Rd7 Ne8 44. Rxf7 Rxc7 45. Rf5 Nd6 46. Rd5 Bf8 47.
e4 Nf7 48. Na6 Re7 49. e3 Re5 50. Nb8 Rxd5 51. exd5 b4 52. Nd7 Bd6 53. Bc2 Kg7
54. Kf2 Nh8 55. Nb6 Kf6 56. Nc4 Nf7 57. Kf3 Ne5+ 58. Ke4 1/2-1/2

[Event "BL 1516 SV Mülheim Nord - SK Norderste"]
[Site "?"]
[Date "2015.09.19"]
[Round "1.1"]
[White "Kopylov, Michael"]
[Black "Tregubov, Pavel V"]
[Result "0-1"]
[WhiteElo "2409"]
[BlackElo "2597"]
[PlyCount "90"]
[EventDate "2015.??.??"]

1. d4 Nf6 2. c4 c5 3. d5 b5 4. Nf3 b4 5. a3 g6 6. axb4 cxb4 7. e4 Nxe4 8. Qd4
Nf6 9. Rxa7 Rxa7 10. Qxa7 Na6 11. Be3 d6 12. Nd4 Qd7 13. Qb6 Bg7 14. Nd2 O-O
15. Be2 Qb7 16. Qxb7 Bxb7 17. N2b3 Nd7 18. Kd2 Nac5 19. Ra1 e5 20. dxe6 fxe6
21. Ra7 Bxg2 22. Bg4 Bxd4 23. Nxd4 Ne5 24. Be2 Rf7 25. Rxf7 Kxf7 26. Bf4 Kf6
27. Nc2 Nc6 28. Ne3 Bh3 29. Bf3 Ne5 30. Be2 Ne4+ 31. Ke1 g5 32. Bxe5+ Kxe5 33.
Nc2 b3 34. Na1 Nc5 35. Bd1 Nd3+ 36. Kd2 Nxf2 37. Bxb3 Ng4 38. Bd1 Nxh2 39. Nc2
g4 40. Ke3 g3 41. Ne1 Bf1 42. b3 d5 43. cxd5 exd5 44. Nc2 Bb5 45. b4 d4+ 0-1

[Event "BL 1516 SV Mülheim Nord - SK Norderste"]
[Site "?"]
[Date "2015.09.19"]
[Round "1.2"]
[White "Fridman, Daniel"]
[Black "Petrosian, Suren"]
[Result "1-0"]
[WhiteElo "2642"]
[BlackElo "2369"]
[PlyCount "41"]
[EventDate "2015.??.??"]

1. d4 Nf6 2. Nf3 d6 3. g3 Bg4 4. Bg2 Qc8 5. h3 Bd7 6. c4 g6 7. Nc3 Bg7 8. e4
O-O 9. Bg5 h6 10. Be3 Nc6 11. d5 Na5 12. b3 b5 13. cxb5 a6 14. b6 cxb6 15. Rc1
Qb8 16. Qd2 Rc8 17. O-O Ra7 18. Bxh6 Rxc3 19. Bxg7 Rxc1 20. Qh6 Rxf1+ 21. Bxf1
1-0

[Event "BL 1516 SV Mülheim Nord - SK Norderste"]
[Site "?"]
[Date "2015.09.19"]
[Round "1.3"]
[White "Krause, Benedict"]
[Black "Landa, Konstantin"]
[Result "0-1"]
[WhiteElo "2289"]
[BlackElo "2626"]
[PlyCount "94"]
[EventDate "2015.??.??"]

1. e4 c5 2. Nf3 e6 3. d4 cxd4 4. Nxd4 Nc6 5. Nc3 a6 6. f4 Qc7 7. Nxc6 bxc6 8.
Bd3 d5 9. Qe2 Nf6 10. O-O Be7 11. Bd2 O-O 12. Rae1 g6 13. Kh1 dxe4 14. Nxe4
Nxe4 15. Qxe4 Bf6 16. b3 Rd8 17. Rd1 Bb7 18. Qe2 c5 19. Be4 Rab8 20. Bxb7 Qxb7
21. Ba5 Rd4 22. c4 h5 23. Rd3 Qe4 24. Qxe4 Rxe4 25. Rd2 h4 26. h3 Bd4 27. Rd3
Kg7 28. Be1 Bf6 29. Bd2 Rd4 30. Rxd4 Bxd4 31. Rd1 Kf6 32. Be1 g5 33. fxg5+ Kxg5
34. Bd2+ Kh5 35. b4 e5 36. Rb1 cxb4 37. Rxb4 Rc8 38. g4+ hxg3 39. Kg2 Bf2 40.
Ra4 Rc6 41. Ra5 f6 42. Bf4 Be1 43. Rd5 Rxc4 44. Bxe5 Rc2+ 45. Kf1 g2+ 46. Kg1
Bf2+ 47. Kxg2 Bd4+ 0-1

[Event "BL 1516 SV Mülheim Nord - SK Norderste"]
[Site "?"]
[Date "2015.09.19"]
[Round "1.4"]
[White "Ducarmon, Quinten"]
[Black "Powierski, Emil"]
[Result "0-1"]
[WhiteElo "2474"]
[BlackElo "2278"]
[PlyCount "137"]
[EventDate "2015.??.??"]

1. e4 c5 2. Nf3 d6 3. d4 cxd4 4. Nxd4 Nf6 5. Nc3 a6 6. Be2 e5 7. Nb3 Be7 8. O-O
O-O 9. Be3 Be6 10. Qd3 Qc7 11. Nd5 Nxd5 12. exd5 Bc8 13. c4 f5 14. f4 Nd7 15.
Rac1 b6 16. fxe5 Nxe5 17. Qd2 Bd7 18. Nd4 Qb7 19. b4 Rac8 20. a4 g6 21. Ne6
Rfe8 22. Qd4 Rb8 23. c5 bxc5 24. bxc5 Bxe6 25. dxe6 Nc6 26. Qc3 dxc5 27. Bf3
Qb6 28. a5 Qb5 29. Bf4 Rbc8 30. Bxc6 Qxc6 31. Bh6 Bf8 32. Bxf8 Rxf8 33. Qc4
Rfe8 34. e7+ Kg7 35. Rfe1 Rc7 36. Re6 Qd7 37. Qc3+ Kg8 38. Rce1 Qd4+ 39. Qxd4
cxd4 40. Rxa6 Rexe7 41. Rxe7 Rxe7 42. Rd6 Re5 43. a6 Ra5 44. Kf2 Ra3 45. Ke2
Kf7 46. Rb6 g5 47. Rb7+ Kg6 48. a7 h5 49. Rb6+ Kg7 50. Rd6 Rxa7 51. Rxd4 Ra2+
52. Kf3 g4+ 53. Kg3 Kf6 54. Rd3 h4+ 55. Kxh4 Rxg2 56. h3 Rh2 57. Kg3 Rxh3+ 58.
Kf4 Kg6 59. Rd6+ Kh5 60. Kxf5 Rf3+ 61. Ke4 Kh4 62. Rd1 Rf8 63. Ke3 Kh3 64. Ke2
g3 65. Rd6 Kh2 66. Rh6+ Kg1 67. Rg6 g2 68. Rg7 Re8+ 69. Kf3 0-1

[Event "BL 1516 SV Mülheim Nord - SK Norderste"]
[Site "?"]
[Date "2015.09.19"]
[Round "1.5"]
[White "Jochens, Arne"]
[Black "Levin, Felix"]
[Result "0-1"]
[WhiteElo "2274"]
[BlackElo "2503"]
[PlyCount "80"]
[EventDate "2015.??.??"]

1. c4 e6 2. Nc3 d5 3. d4 Nf6 4. cxd5 Nxd5 5. e4 Nxc3 6. bxc3 c5 7. Rb1 Be7 8.
Nf3 O-O 9. Bc4 Nc6 10. O-O b6 11. Be3 Bb7 12. dxc5 Na5 13. Bd3 bxc5 14. Qe2 Qc7
15. Nd2 c4 16. Bc2 e5 17. Rfd1 Bc8 18. Nf1 Be6 19. Ng3 Rfb8 20. Nf5 Bf8 21. Qg4
Kh8 22. Qg3 f6 23. f4 Nc6 24. Nh4 Rxb1 25. Bxb1 Rd8 26. Bc2 Rxd1+ 27. Bxd1 exf4
28. Bxf4 Qd7 29. Ba4 g5 30. Bxg5 fxg5 31. Qxg5 Qe7 32. Qf4 Bg7 33. Bxc6 Qc5+
34. Qf2 Qxc6 35. Qxa7 Qxe4 36. Nf3 Bxc3 37. h4 Bg8 38. a4 Bg7 39. a5 c3 40. Qc5
c2 0-1

[Event "BL 1516 SV Mülheim Nord - SK Norderste"]
[Site "?"]
[Date "2015.09.19"]
[Round "1.6"]
[White "Hausrath, Daniel"]
[Black "Michna, Christian"]
[Result "1-0"]
[WhiteElo "2499"]
[BlackElo "2272"]
[PlyCount "71"]
[EventDate "2015.??.??"]

1. Nf3 Nf6 2. g3 g6 3. Bg2 Bg7 4. O-O O-O 5. d4 d6 6. Re1 Nc6 7. d5 Na5 8. Nc3
c6 9. e4 Bd7 10. Qe2 Rc8 11. Bg5 cxd5 12. Nxd5 Nxd5 13. exd5 Qb6 14. c3 Bb5 15.
Qc2 Rfe8 16. Bxe7 Bd7 17. Bg5 Nc4 18. Rxe8+ Bxe8 19. Bh3 f5 20. b3 Na3 21. Qe2
Bf7 22. Be3 Qa5 23. Ng5 Qxc3 24. Rc1 Nc2 25. Nxf7 Nd4 26. Qd1 Qxc1 27. Bxc1
Rxc1 28. Qxc1 Ne2+ 29. Kf1 Nxc1 30. Nxd6 Nxa2 31. Nxb7 Bf6 32. d6 Nc1 33. Bg2
Kf8 34. Bd5 Nd3 35. d7 Nb4 36. Bf3 1-0